000 00651nam a2200229 a 4500
001 12851
003 BD-JhCC
005 20230518121133.0
008 230518s2018 b a|||| |||| 001 0 eng d
020 _a9789849233664
035 _a(BD-JhCC)12851
040 _aBD-JhCC
_dBD-JhCC
041 _aeng
082 _a327.095492
_bCHA 2018
245 _aChanging global dynamics :
_bBangladesh foreign policy /
_ced. by A K M Abdur Rahman
260 _aDhaka :
_bPathak Shamabesh,
_c2018
300 _a188 p. :
_billus;
_c22 cm.
504 _aIncludes index.
650 _aForeign policy
_zBangladesh
700 _aRahman, A K M Abdur
942 _2ddc
_cBK
999 _c12851
_d12851